Особливості міжособистісної комунікації в групах (Запис № 284269)

МАРК-запис
000 -LEADER
fixed length control field 01462nam a22001577a 4500
041 ## - LANGUAGE CODE
Language code of text/sound track or separate title ukr
080 ## - UNIVERSAL DECIMAL CLASSIFICATION NUMBER
Universal Decimal Classification number 09
090 ## - LOCALLY ASSIGNED LC-TYPE CALL NUMBER (OCLC); LOCAL CALL NUMBER (OCLC)
Local cutter number (OCLC) ; Book number/undivided call number, CALL (RLIN) СІМ
100 ## - MAIN ENTRY--PERSONAL NAME
Personal name Сімак К.В.
245 ## - TITLE STATEMENT
Title Особливості міжособистісної комунікації в групах
260 ## - PUBLICATION, DISTRIBUTION, ETC. (IMPRINT)
Place of publication, distribution, etc Острог
Name of publisher, distributor, etc КАФ
Date of publication, distribution, etc 2010
300 ## - PHYSICAL DESCRIPTION
Extent 62
520 ## - SUMMARY, ETC.
Summary, etc ВСТУП<br/>РОЗДІЛ 1 ХАРАКТЕРИСТИКА МІЖОСОБИСТІСНОГО СПІЛКУВАННЯ НА РІВНІ ГРУП<br/>1.1 Комунікація в міжособистісних відносинах.<br/>1.2 Мала група в контексті міжособистісних взаємодій.<br/>РОЗДІЛ 2 ВПЛИВ ВЕРБАЛЬНИХ ТА НЕВЕРБАЛЬНИХ КОМПОНЕНТІВ НА ЕФЕКТИВНІСТЬ КОМУНІКАЦІЇ В ГРУПАХ<br/>2.1 Індивідуальні особливості учасника групи та зовнішні поведінкові прояви.<br/>2.2 Компоненти вербальної та невербальної комунікації.<br/>2.2.1 Особливості вербальної комунікації.<br/>2.2.2 Особливості невербальної комунікації.<br/>2.3 Гендерні особливості поведінки в групі.<br/>ВИСНОВКИ
-- міжособистісне вербальне та невербальне спілкуваня
650 ## - SUBJECT ADDED ENTRY--TOPICAL TERM
Topical term or geographic name as entry element Research Papers
942 ## - ADDED ENTRY ELEMENTS (KOHA)
Koha item type Книги
Фонди
Withdrawn status Lost status Source of classification or shelving scheme Damaged status Not for loan Home library Current library Date acquired Source of acquisition Cost, normal purchase price Total Checkouts Full call number Barcode Date last seen Price effective from Koha item type
    Universal Decimal Classification     ВІЛ - Відділ іноземн. літератури НБ ВІЛ - Відділ іноземн. літератури НБ 16/04/2009 Акт №1 1.00   09 213757 20/12/2021 16/04/2009 Книги